| 000 | 00783nam a2200265Ia 4500 | ||
|---|---|---|---|
| 003 | OSt | ||
| 005 | 20220924115833.0 | ||
| 006 | a|||||r|||| 00| 0 | ||
| 007 | ta | ||
| 008 | 220923b |||||||| |||| 00| 0 urd d | ||
| 020 | _a9789350738030 (hbk) | ||
| 020 | _c200 | ||
| 024 | _a290840 | ||
| 037 |
_b4690, 09/03/2016, Kitabi Duniya _cTextual |
||
| 040 |
_aARTS _cARTS _burd |
||
| 041 |
_2urd _aurd |
||
| 082 | _aO168,3N42x, Q6 | ||
| 100 |
_aRahi. Nisar Au. _9179812 |
||
| 245 | 0 |
_aBuzdil _b Short stories |
|
| 260 |
_aDelhi _bEducational Publishing House. India _c2016 |
||
| 300 |
_a176p. _ccm. |
||
| 650 |
_aURDU FICTION _93298 |
||
| 942 |
_hO168,3N42x, Q6 _cTEXL _2CC |
||
| 999 |
_c400118 _d400118 |
||